| 000 | 00792cam a2200229 a 4500 | ||
|---|---|---|---|
| 001 | 000025007 | ||
| 005 | 20200930023514.0 | ||
| 008 | 901219s1989 cu 000 | spa d | ||
| 040 |
_aDO-SdBNP _bspa _cBNPHU |
||
| 082 |
_a972.84051 _bP944u |
||
| 100 | 1 |
_aPérez Díaz, Juan Carlos, _d1959- _951315 |
|
| 245 | 1 | 4 |
_aLos últimos peldaños de la muerte / _cJuan Carlos Pérez Díaz; edición José Rodríguez Feo. |
| 260 |
_aLa Habana, (Cuba) : _bUnión de Escritores y Artistas de Cuba, _c1989. |
||
| 300 |
_a251 p. ; _c18 cm. |
||
| 490 | 1 | _aManjuarí | |
| 650 | 4 |
_aEl salvador _xHistoria _951316 |
|
| 650 | 4 |
_aNovela histórica salvadoreña _951317 |
|
| 650 | 4 |
_aLiteratura salvadoreña _92929 |
|
| 700 | 1 |
_aRodríguez Feo, José, _eed. _916879 |
|
| 830 | 0 |
_aManjuarí _922456 |
|
| 049 | _aBNGR | ||
| 999 |
_c24500 _d24500 |
||